02297nam a2200289 i 4500001001900000003000600019005001700025006001900042007001500061008004100076020001800117035002600135035002300161035003000184040004100214041000800255050002400263100002800287245006100315260004000376300002500416520144200441588004701883650003301930650002201963650002201985991027366346407026UkOxU20251117094828.0m o d | cr cnu||||||||201012s2020 xna o 000 0 eng d a9781760877811 a(CKB)4100000011342373 a(MiAaPQ)EBC6229082 a(EXLCZ)994100000011342373 aMiAaPQbengerdaepncMiAaPQdMiAaPQ aeng 4aHG222.3b.B769 2020 aBrowne, Melissaeauthor10aBudgets don't workb: (but this does)c/ Melissa Browne. aCrows Nest :bAllen & Unwin,c2020. a218 pages ;c23 cm.  aIn this breakthrough book you'll discover your Money Story, your Money Type and just as importantly you'll learn the habits, triggers and tricks that are right for you. If you've ever tried to budget but found it just doesn't work, you need to read this book. When it comes to saving and spending money, we're not all the same. Yet for too long, the financial advice world has treated us as if we are. This book will give you the tools you need to make that long-awaited financial breakthrough, allowing you to discover your "Financial Phenotype": the unique combination comprising your Money Story, your Money Environment, your Money Type and, just as importantly, the habits, triggers, and tricks that are right for you. Once you realize that the one-size-fits-all approach to finances you've been trying to adopt doesn't work for most people, it can be liberating. Finally there's a rational explanation for why you've struggled with money—why you're perpetually sabotaging, why you're constantly at loggerheads with your partner or why you just can't seem to be consistent. When it comes to other areas of your life, such as food and exercise, you've no doubt embraced a multi-faceted, often highly personalized approach and you recognize that's important. Why should it be any different when it comes to your finances? That's why understanding your Money Story and discovering your Money Type is the key to financial success. aDescription based on print version record. 0aMoneyxPsychological aspects 0aFinance, Personal 0aBudgets, Personal